Normal view
MARC view
- Dwellings -- Remodeling -- Designs and plans. Architecture, Domestic -- Designs and plans. Buildings -- Repair and reconstruction
Entry Topical Term
001 - CONTROL NUMBER
- control field: 88895
003 - CONTROL NUMBER IDENTIFIER
- control field: NUST
005 - DATE AND TIME OF LATEST TRANSACTION
- control field: 20220209111215.0
008 - FIXED-LENGTH DATA ELEMENTS
- fixed length control field: 220209|| aca||aabn | a|a d
040 ## - CATALOGING SOURCE
- Original cataloging agency: NUST
- Transcribing agency: NUST
150 ## - HEADING--TOPICAL TERM
- Topical term or geographic name entry element: Dwellings -- Remodeling -- Designs and plans. Architecture, Domestic -- Designs and plans. Buildings -- Repair and reconstruction
670 ## - SOURCE DATA FOUND
- Source citation: Work cat.: (NUST)586414: Crafti, Stephen 82210, The ultimate urban makeover: , 2007.
